| 000 | 00600nam a2200229Ia 4500 | ||
|---|---|---|---|
| 003 | OSt | ||
| 005 | 20221005070219.0 | ||
| 006 | a|||||r|||| 00| 0 | ||
| 007 | ta | ||
| 008 | 221004b |||||||| |||| 00| 0 kan d | ||
| 024 | _a61383 | ||
| 037 | _cTextual | ||
| 040 |
_aCRL _cCRL _bkan |
||
| 041 |
_2kan _akan |
||
| 082 | _aU8.73.N5, 33K2 | ||
| 100 |
_aSwamy B.G.L. _9605473 |
||
| 245 | 0 | _aAmericadalli nanu | |
| 260 |
_aMysore _bKavyalaya Publishers India _c1962 |
||
| 650 | _aGEOGRAPHY | ||
| 942 |
_hU8.73.N5, 33K2 _cTEXL _2cc |
||
| 999 |
_c975882 _d975882 |
||